| 000 | 00552nam a22001937a 4500 | ||
|---|---|---|---|
| 999 |
_c4875 _d4875 |
||
| 003 | AR-CdUCM | ||
| 008 | 190311b ||||| |||| 00| 0 spa d | ||
| 040 |
_aMUNICIPALIDAD PROVINCIAL DEL CUSCO _cBIBLIOTECA MUNICIPAL DEL CUSCO |
||
| 041 | _hpor | ||
| 082 |
_a869.53 / _bC53 |
||
| 100 |
_aChaves, Helio _911487 |
||
| 245 | _aA escada do triunfo / | ||
| 260 |
_aPetrĂ³polis : _bAgisa, _c1953. |
||
| 300 |
_a102 paginas ; _c19 cm. |
||
| 650 |
_aLiteratura portuguesa _912417 |
||
| 650 |
_aLiteratura social _914988 |
||
| 942 |
_2ddc _cLIBROS |
||
| 945 | _aacv | ||